Riconosci la Bandiera sbagliata - America del Nord - Quiz n°3 - Statistics

Statistiche generali
  • Questo quiz è stato fatto 6 volte
  • Il punteggio medio è 3 su 7
Statistiche sulle risposte
Domanda Risposta % Corretto
Qual è la bandiera sbagliata?
80%
Qual è la bandiera sbagliata?
60%
Qual è la bandiera sbagliata?
40%
Qual è la bandiera sbagliata?
40%
Qual è la bandiera sbagliata?
20%
Qual è la bandiera sbagliata?
20%
Qual è la bandiera sbagliata?
20%
Nessun quiz corrispondente trovato
Distribuzione punteggi
Percentuale di utenti per punteggio
Percentile per numero di risposta
I tuoi punteggi nel tempo
Non hai fatto questo quiz